000 00607nam a2200205Ia 4500
001 14457
003 GE_BSU
008 181216s||||||||xx |||||||||||||| ||und||
020 _a1555532896
040 _cGE_BSU
080 _a34
245 _aWelcome to Hell: Letters and Writings from Death Row
245 _cComplited and edited by Jan Arriens. Foreword by Sisyter Helen Prejean preface by Clive Stafford Smith
260 _aBoston
260 _bNortheastern University Press
260 _c1997
300 _a255p.23cm.
653 _aWelcome to Hell: Letters and Writings from Death Row
942 _cBK
999 _c47590
_d47590